| 000 | 00749nam a2200241Ia 4500 | ||
|---|---|---|---|
| 003 | OSt | ||
| 005 | 20220926033955.0 | ||
| 006 | a|||||r|||| 00| 0 | ||
| 007 | ta | ||
| 008 | 220923b |||||||| |||| 00| 0 eng d | ||
| 037 | _cGeneral Book | ||
| 040 |
_aRTL _cRTL _beng |
||
| 041 |
_2eng _aeng |
||
| 082 | _aV73:2.N7, L2 | ||
| 100 |
_aO'Rourke Terry B _9339874 |
||
| 245 | 0 |
_aReapportionment _b Law, politics, computers |
|
| 260 |
_aWashington _bA E I P P R _c1972 |
||
| 300 |
_a111p _ccm. |
||
| 490 | _aAmerican Enterprise Institute for Public Policy Research, Domestic Affairs Studies | ||
| 650 |
_aConstitution United States _9240337 |
||
| 942 |
_hV73:2.N7, L2 _cGB _2CC |
||
| 999 |
_c658483 _d658483 |
||